=LDR 00000nam 2200000 4500 =001 INLIS000000000004607 =005 20130612092857 =008 ***********************************Ind** =035 ##$$0010-061300000004607 =041 ##$$a Ind =082 ##$$a 028.5 =090 ##$$a 028.5, Fil d =100 ##$$a FILIPEK, Nina =245 ##$$a Di Peternakan / oleh Nina Filipek; Alih Bahasa, Budi. -- =260 ##$$a 1993 $b Jakarta : Binarupa Aksara =300 ##$$a 25 hlm. : ilus. ; 19 cm =650 ##$$a Bacaan Kanak-kanak =700 ##$$a BUDI =850 ##$$a NBPNMAT